Votre Favori pour la Coupe du Monde 2018 - Statistiques

Statistiques générales
  • Ce quiz a été pris 159 fois
  • Le résultat moyen est 2 sur 32
Statistiques - réponses
Réponse % Correct
France
68%
Allemagne
20%
Brésil
18%
Espagne
18%
Russie
17%
Portugal
16%
Belgique
13%
Argentine
9%
Uruguay
8%
Arabie Saoudite
3%
Australie
3%
Iran
3%
Suisse
3%
Colombie
2%
Costa Rica
2%
Croatie
2%
Egypte
2%
Islande
2%
Maroc
2%
Panama
2%
Tunisie
2%
Angleterre
1%
Danemark
1%
Mexique
1%
Nigeria
1%
Pologne
1%
Sénégal
1%
Suède
1%
Corée du Sud
0%
Japon
0%
Pérou
0%
Serbie
0%
Aucun quiz correspondant
Distribution des résultats
% des personnes avec chaque résultat
Percentile par nombre de réponses
Votre historique - résultats
Vous n’avez pas pris ce quiz